| 000 | 00369nam a2200145Ia 4500 | ||
|---|---|---|---|
| 008 | 230917s9999||||xx |||||||||||||| ||und|| | ||
| 040 |
_e54469 _aMAIN |
||
| 041 | _aEnglish | ||
| 082 | _a355.0218 S23P | ||
| 100 | _aSharma, RAjeev | ||
| 245 | 0 | _aPak proxy war; a stofy of isi, Bin Laden & Kargil | |
| 260 |
_aNew Delhi _bKaveri _c1999 |
||
| 300 | _a223 p. | ||
| 942 | _cBK | ||
| 999 |
_c93137 _d93137 |
||